| 000 | 00461pab a2200169 454500 | ||
|---|---|---|---|
| 008 | 180718b2008 xxu||||| |||| 00| 0 eng d | ||
| 100 | _aChandra, Nirmal Kumar | ||
| 245 | _aIndia's foreign exchange reserves: a shield of comfort or an albatross? | ||
| 260 | _c2008 | ||
| 300 | _ap.39-51. | ||
| 362 | _a5 Apr | ||
| 650 | _aForeign exchange - India | ||
| 650 | _aForeign exchange | ||
| 773 | _aEconomic and Political Weekly | ||
| 908 | _aN | ||
| 909 | _a77797 | ||
| 999 |
_c77797 _d77797 |
||